[Event "AUT-chT (Women) 2324"]
[Site "Austria"]
[Date "2024.03.22"]
[Round "4.1"]
[White "Polterauer, Chiara"]
[Black "Heinatz, Gundula"]
[Result "1/2-1/2"]
[WhiteElo "2194"]
[BlackElo "2159"]
[PlyCount "60"]
[EventDate "2023.11.24"]
[EventType "team-tourn"]
[EventRounds "9"]
[EventCountry "AUT"]
[SourceTitle "CB16_2024"]
[SourceDate "2024.04.17"]
[SourceVersion "1"]
[SourceVersionDate "2024.04.17"]
[SourceQuality "1"]
[WhiteTeam "Mayrhofen/Zillertal (W)"]
[BlackTeam "Dornbirn (W)"]
[WhiteTeamCountry "AUT"]
[BlackTeamCountry "AUT"]

1. e4 c6 2. d4 d5 3. e5 Bf5 4. h4 h6 5. g4 Bd7 6. Nc3 e6 7. Be3 Qc7 8. Nf3 c5 9. Nb5 Bxb5 10. Bxb5+ Nc6 11. c3 a6 12. Qa4 Rc8 13. Bxc6+ Qxc6 14. Qxc6+ Rxc6 15. dxc5 Bxc5 16. Bxc5 Rxc5 17. h5 Ne7 18. Nd4 Kd7 19. 0-0-0 b5 20. a3 Nc6 21. Nxc6 Rxc6 22. Rd4 Rhc8 23. Rhd1 a5 24. R1d3 Rc4 25. Kd2 a4 26. Rf3 Ke7 27. Rfd3 Rf8 28. f4 f6 29. exf6+ Rxf6 30. Ke3 Kd6 1/2-1/2

[Event "Graz Moser Memorial (Women)"]
[Site "Graz"]
[Date "2024.03.01"]
[Round "7"]
[White "Polterauer, Chiara"]
[Black "Bodnaruk, Anastasia"]
[Result "1/2-1/2"]
[WhiteElo "2189"]
[BlackElo "2340"]
[PlyCount "84"]
[EventDate "2024.02.25"]
[EventType "tourn"]
[EventRounds "9"]
[EventCountry "AUT"]
[SourceTitle "CB10_2024"]
[SourceDate "2024.03.06"]
[SourceVersion "1"]
[SourceVersionDate "2024.03.06"]
[SourceQuality "1"]

1. e4 c5 2. Nf3 d6 3. d4 cxd4 4. Nxd4 Nf6 5. Nc3 a6 6. h3 e6 7. g4 Be7 8. g5 Nfd7 9. h4 b5 10. a3 Bb7 11. Bg2 Nc6 12. h5 Bxg5 13. Nxc6 Bxc6 14. Qxd6 Rc8 15. Qg3 Bxc1 16. Rxc1 0-0 17. h6 g6 18. 0-0 a5 19. Rfd1 Qe7 20. Rd6 b4 21. axb4 axb4 22. Na2 f5 23. Rcd1 Nf6 24. Qe5 Bxe4 25. Rxe6 Qf7 26. Bxe4 fxe4 27. Re7 Rce8 28. Rxf7 Rxe5 29. Rxf8+ Kxf8 30. Nxb4 Rg5+ 31. Kf1 Rf5 32. Ke2 Ng4 33. Rf1 Nxh6 34. f3 exf3+ 35. Rxf3 Rxf3 36. Kxf3 Ke7 37. Kf4 Nf7 38. c4 h5 39. Nd3 g5+ 40. Kf5 Nd6+ 41. Kxg5 Nxc4 42. Kxh5 Nxb2 1/2-1/2

[Event "Graz Moser Memorial (Women)"]
[Site "Graz"]
[Date "2024.02.28"]
[Round "4"]
[White "Polterauer, Chiara"]
[Black "Mkrtchian, Lilit"]
[Result "1/2-1/2"]
[WhiteElo "2189"]
[BlackElo "2378"]
[PlyCount "38"]
[EventDate "2024.02.25"]
[EventType "tourn"]
[EventRounds "9"]
[EventCountry "AUT"]
[SourceTitle "CB10_2024"]
[SourceDate "2024.03.06"]
[SourceVersion "1"]
[SourceVersionDate "2024.03.06"]
[SourceQuality "1"]

1. e4 e6 2. d4 d5 3. Nd2 c5 4. exd5 exd5 5. Ngf3 Nc6 6. Bb5 Qe7+ 7. Be2 Qc7 8. 0-0 Nf6 9. Re1 cxd4 10. Nb3 Be7 11. Nfxd4 0-0 12. h3 a6 13. Bd3 Ne5 14. Bf5 g6 15. Bxc8 Raxc8 16. Bg5 Rfe8 17. c3 Ne4 18. Bxe7 Rxe7 19. Nf3 Qb6 1/2-1/2

[Event "Mitropa Cup (Women)"]
[Site "Apolda"]
[Date "2024.02.17"]
[Round "3.13"]
[White "Urh, Zala"]
[Black "Polterauer, Chiara"]
[Result "1-0"]
[WhiteElo "2290"]
[BlackElo "2189"]
[PlyCount "55"]
[EventDate "2024.02.15"]
[EventType "team-tourn"]
[EventRounds "9"]
[EventCountry "GER"]
[SourceTitle "CB09_2024"]
[SourceDate "2024.02.28"]
[SourceVersion "1"]
[SourceVersionDate "2024.02.28"]
[SourceQuality "1"]
[WhiteTeam "Slovenia (W)"]
[BlackTeam "Austria (W)"]
[WhiteTeamCountry "SLO"]
[BlackTeamCountry "AUT"]

1. d4 Nf6 2. c4 g6 3. Nc3 d5 4. Nf3 Bg7 5. Qb3 dxc4 6. Qxc4 0-0 7. e4 a6 8. Be2 b5 9. Qb3 c5 10. dxc5 Nbd7 11. e5 Nxc5 12. Qb4 Nfd7 13. 0-0 Bb7 14. Rd1 Qc7 15. Be3 Rfc8 16. Rac1 e6 17. a4 Bf8 18. Qh4 b4 19. Nb1 a5 20. Nbd2 Ba6 21. Bxa6 Rxa6 22. Ne4 Rc6 23. Nd4 Ra6 24. Nb5 Qc6 25. Rxd7 Nxd7 26. Rxc6 Raxc6 27. h3 Bg7 28. Na7 1-0

[Event "Mitropa Cup (Women)"]
[Site "Apolda"]
[Date "2024.02.16"]
[Round "2.1"]
[White "Polterauer, Chiara"]
[Black "Heinemann, Josefine"]
[Result "1/2-1/2"]
[WhiteElo "2189"]
[BlackElo "2328"]
[PlyCount "85"]
[EventDate "2024.02.15"]
[EventType "team-tourn"]
[EventRounds "9"]
[EventCountry "GER"]
[SourceTitle "CB09_2024"]
[SourceDate "2024.02.28"]
[SourceVersion "1"]
[SourceVersionDate "2024.02.28"]
[SourceQuality "1"]
[WhiteTeam "Austria (W)"]
[BlackTeam "Germany (W)"]
[WhiteTeamCountry "AUT"]
[BlackTeamCountry "GER"]

1. e4 c5 2. Nf3 d6 3. d4 cxd4 4. Nxd4 Nf6 5. Nc3 a6 6. h3 e5 7. Nde2 h5 8. Bg5 Be6 9. Bxf6 Qxf6 10. Nd5 Qd8 11. Qd3 g6 12. 0-0-0 Nd7 13. Nec3 Nc5 14. Qe2 b5 15. a3 Rb8 16. Kb1 Bg7 17. h4 Bd7 18. Qe3 a5 19. b4 Ne6 20. Be2 Nd4 21. Qg5 Bc6 22. Qxd8+ Kxd8 23. Bd3 Ra8 24. Kb2 Ra7 25. Ra1 Kd7 26. a4 axb4 27. Nxb5 Rb7 28. Nxb4 Nxb5 29. axb5 Bxb5 30. Bxb5+ Rxb5 31. Ra7+ Ke6 32. c3 Rhb8 33. Kc2 Bf6 34. Kd3 Bd8 35. f3 Bb6 36. Ra2 Bc5 37. Na6 Rc8 38. g4 Kf6 39. gxh5 gxh5 40. Rha1 Rb3 41. Kc2 Rb5 42. Kd3 Rb3 43. Kc2 1/2-1/2

[Event "AUT-ch Blitz"]
[Site "Graz"]
[Date "2023.06.09"]
[Round "10"]
[White "Hartl, Daniel"]
[Black "Polterauer, Chiara"]
[Result "1-0"]
[WhiteElo "2248"]
[BlackElo "2183"]
[PlyCount "89"]
[EventDate "2023.06.09"]
[EventType "swiss (blitz)"]
[EventRounds "11"]
[EventCountry "AUT"]
[SourceTitle "CBM 214 Extra"]
[Source "ChessBase"]
[SourceDate "2023.07.31"]
[SourceVersion "1"]
[SourceVersionDate "2023.07.31"]
[SourceQuality "1"]

1. d4 Nf6 2. c4 g6 3. g3 c6 4. Nf3 Bg7 5. Bg2 d5 6. b3 0-0 7. 0-0 Bf5 8. Bb2 Ne4 9. Nh4 Be6 10. Qc2 Nd6 11. cxd5 cxd5 12. e3 Nc6 13. Nc3 Rc8 14. Qe2 Nf5 15. Nxf5 gxf5 16. Rac1 a6 17. Na4 Qd6 18. Nc5 Rc7 19. a3 Bc8 20. Nd3 e6 21. Rc2 Bd7 22. Rfc1 Rfc8 23. Nc5 Be8 24. b4 Nb8 25. Nxb7 Qb6 26. Rxc7 Rxc7 27. Rxc7 Qxc7 28. Nc5 Bb5 29. Qc2 Nc6 30. a4 Bc4 31. Ba3 Qb6 32. Qc3 Nb8 33. Bf1 Bxf1 34. Kxf1 Bf8 35. Qd3 Bd6 36. h4 Bf8 37. h5 Kg7 38. b5 axb5 39. Qxb5 Qxb5+ 40. axb5 Bd6 41. Na6 Bxa3 42. Nxb8 Bd6 43. Nd7 f6 44. b6 Kf7 45. b7 1-0

[Event "AUT-ch Blitz"]
[Site "Graz"]
[Date "2023.06.09"]
[Round "2"]
[White "Schwabeneder, Florian"]
[Black "Polterauer, Chiara"]
[Result "1-0"]
[WhiteElo "2389"]
[BlackElo "2183"]
[PlyCount "37"]
[EventDate "2023.06.09"]
[EventType "swiss (blitz)"]
[EventRounds "11"]
[EventCountry "AUT"]
[SourceTitle "CBM 214 Extra"]
[Source "ChessBase"]
[SourceDate "2023.07.31"]
[SourceVersion "1"]
[SourceVersionDate "2023.07.31"]
[SourceQuality "1"]

1. c4 c5 2. Nc3 Nf6 3. g3 d5 4. cxd5 Nxd5 5. Bg2 Nc7 6. e3 e5 7. Nge2 Nc6 8. 0-0 Be7 9. f4 0-0 10. b3 exf4 11. Nxf4 Bd7 12. Bb2 Rc8 13. d4 cxd4 14. exd4 Bf6 15. Ne4 Be7 16. d5 Nb8 17. d6 Bb5 18. dxe7 Qxe7 19. Re1 1-0

[Event "AUT-chT (Women) 2223"]
[Site "Austria"]
[Date "2023.04.15"]
[Round "9.1"]
[White "Polterauer, Chiara"]
[Black "Katter, Katharina"]
[Result "1-0"]
[WhiteElo "2150"]
[BlackElo "2045"]
[PlyCount "135"]
[EventDate "2022.10.21"]
[EventType "team-tourn"]
[EventRounds "9"]
[EventCountry "AUT"]
[SourceTitle "EXT 2024"]
[Source "ChessBase"]
[SourceDate "2023.10.10"]
[SourceVersion "1"]
[SourceVersionDate "2023.10.10"]
[SourceQuality "1"]
[WhiteTeam "Mayrhofen/Zillertal (W)"]
[BlackTeam "Lienz (W)"]
[WhiteTeamCountry "AUT"]
[BlackTeamCountry "AUT"]

1. e4 c5 2. Nf3 d6 3. d4 cxd4 4. Nxd4 Nf6 5. Nc3 a6 6. h3 e5 7. Nde2 h5 8. Bg5 Be6 9. Bxf6 Qxf6 10. Nd5 Qd8 11. Qd3 Nd7 12. Nec3 g6 13. 0-0-0 Nc5 14. Qe2 Bh6+ 15. Kb1 b5 16. a3 Rb8 17. h4 Bg7 18. g3 Bd7 19. Bh3 Bxh3 20. Rxh3 Qd7 21. Rhh1 Ne6 22. Qd3 0-0 23. f3 a5 24. b4 Nd4 25. Ne2 axb4 26. axb4 Rfc8 27. c3 Qa7 28. Kb2 Ne6 29. Ra1 Qb7 30. Ra5 Nd8 31. Rxb5 Qxb5 32. Qxb5 Rxb5 33. Ne7+ Kf8 34. Nxc8 d5 35. Rd1 Rb8 36. Nd6 d4 37. Ka3 Ke7 38. Nc4 Nc6 39. Rb1 Ra8+ 40. Kb3 Rb8 41. Kc2 Na7 42. Na3 dxc3 43. Nxc3 Nc6 44. Nd5+ Ke6 45. Kd3 Bf8 46. Nc2 Ne7 47. Nce3 Nc6 48. b5 Bc5 49. Rc1 Nb4+ 50. Nxb4 Bxb4 51. Nd5 Ba5 52. Rc6+ Kd7 53. Kc4 Be1 54. g4 hxg4 55. fxg4 Bxh4 56. Nb6+ Kd8 57. Na4 Bf2 58. b6 Rc8 59. Kd5 Bd4 60. Rf6 Ke7 61. Rc6 Rd8+ 62. Kc4 Bxb6 63. Nxb6 Rd4+ 64. Kc5 Rxe4 65. Nd5+ Kf8 66. Nf6 Re1 67. g5 Rg1 68. Rc8+ 1-0

[Event "Tirol Landesliga 2223"]
[Site "Austria"]
[Date "2023.02.12"]
[Round "6.2"]
[White "Polterauer, Chiara"]
[Black "Wohlfahrt, Herbert J"]
[Result "1/2-1/2"]
[WhiteElo "2150"]
[BlackElo "2322"]
[PlyCount "92"]
[EventDate "2022.10.01"]
[EventType "team-tourn"]
[EventRounds "9"]
[EventCountry "AUT"]
[SourceTitle "EXT 2024"]
[Source "ChessBase"]
[SourceDate "2023.10.10"]
[SourceVersion "1"]
[SourceVersionDate "2023.10.10"]
[SourceQuality "1"]
[WhiteTeam "Hall/Mils"]
[BlackTeam "Schach ohne Grenzen"]
[WhiteTeamCountry "AUT"]
[BlackTeamCountry "AUT"]

1. e4 c5 2. Nf3 d6 3. d4 cxd4 4. Nxd4 Nf6 5. Nc3 a6 6. h3 e5 7. Nde2 h5 8. Bg5 Be6 9. Bxf6 Qxf6 10. Nd5 Qd8 11. Qd3 Nc6 12. 0-0-0 g6 13. Kb1 Bg7 14. h4 Rc8 15. a3 0-0 16. g3 b5 17. Bh3 Na5 18. f3 Nc4 19. Nec3 a5 20. Ne3 b4 21. axb4 Nxe3 22. Qxe3 axb4 23. Nd5 Rb8 24. Qg5 Bxd5 25. Qxd8 Rfxd8 26. Rxd5 Kf8 27. b3 Bh6 28. Re1 Rb6 29. Kb2 Ra6 30. Ra1 Rxa1 31. Kxa1 Be3 32. Kb2 Bf2 33. g4 Bxh4 34. gxh5 gxh5 35. c3 Be1 36. cxb4 Bxb4 37. Rb5 Bc5 38. b4 Bd4+ 39. Kb3 Ra8 40. Bf5 Ra1 41. Kc4 Rf1 42. Rb8+ Kg7 43. b5 Rxf3 44. b6 Rc3+ 45. Kd5 Rb3 46. Kc6 Rc3+ 1/2-1/2

[Event "AUT-chT (Women) 2223"]
[Site "Austria"]
[Date "2022.10.23"]
[Round "4.1"]
[White "Juhasz, Barbara"]
[Black "Polterauer, Chiara"]
[Result "0-1"]
[WhiteElo "2230"]
[BlackElo "2150"]
[PlyCount "162"]
[EventDate "2022.10.21"]
[EventType "team-tourn"]
[EventRounds "9"]
[EventCountry "AUT"]
[SourceTitle "EXT 2024"]
[Source "ChessBase"]
[SourceDate "2023.10.10"]
[SourceVersion "1"]
[SourceVersionDate "2023.10.10"]
[SourceQuality "1"]
[WhiteTeam "Wulkaprodersdorf (W)"]
[BlackTeam "Mayrhofen/Zillertal (W)"]
[WhiteTeamCountry "AUT"]
[BlackTeamCountry "AUT"]

1. e4 e5 2. Nf3 Nc6 3. Bb5 a6 4. Ba4 Nf6 5. 0-0 b5 6. Bb3 Bc5 7. a4 Rb8 8. Nxe5 Nxe5 9. d4 Bxd4 10. Qxd4 d6 11. f4 Nc6 12. Qc3 Ne7 13. Qd3 Be6 14. axb5 axb5 15. Nc3 Bxb3 16. cxb3 Qd7 17. Be3 0-0 18. Bd4 Ne8 19. Rfd1 b4 20. Ne2 Qb5 21. Qc2 c5 22. Bf2 Rc8 23. Qc4 Qb7 24. Ng3 Qc7 25. Nf1 Ng6 26. Bg3 Nf6 27. Ne3 Rfd8 28. Ra6 Rd7 29. Nd5 Nxd5 30. Rxd5 Ne7 31. Rd1 Nc6 32. Bf2 Nb8 33. Raa1 Nc6 34. Qd3 Ne7 35. Qc4 Nc6 36. Rd3 Ne7 37. Rad1 Ng6 38. Bg3 Rcd8 39. Qb5 Rb8 40. Qc4 Rbd8 41. h4 Qc6 42. h5 Ne7 43. Bh4 Re8 44. Bf2 Nc8 45. e5 Nb6 46. Qc1 dxe5 47. Qxc5 Qxc5 48. Bxc5 Rxd3 49. Rxd3 e4 50. Rd1 Na8 51. Kf2 Nc7 52. Bxb4 Ne6 53. Ke3 f5 54. Rd5 g6 55. hxg6 hxg6 56. Rd6 Rb8 57. Bc3 Kf7 58. Rd7+ Ke8 59. Rh7 Rxb3 60. Rh8+ Kf7 61. Rh7+ Ke8 62. g4 Rb5 63. Bf6 Rb3+ 64. Bc3 Rb5 65. gxf5 gxf5 66. Rh6 Kd7 67. Rf6 Ke7 68. Rh6 Rd5 69. Bf6+ Kd7 70. Be5 Rd3+ 71. Ke2 Rf3 72. Rh4 Kc6 73. b4 Kb5 74. Kd2 Kxb4 75. Rh5 Nxf4 76. Rxf5 e3+ 77. Kc2 Rf2+ 78. Kd1 Rd2+ 79. Kc1 Nd3+ 80. Kb1 Nxe5 81. Rxe5 e2 0-1

[Event "AUT-chT (Women) 2223"]
[Site "Austria"]
[Date "2022.10.22"]
[Round "2.1"]
[White "Heinatz, Gundula"]
[Black "Polterauer, Chiara"]
[Result "1-0"]
[WhiteElo "2156"]
[BlackElo "2150"]
[PlyCount "137"]
[EventDate "2022.10.21"]
[EventType "team-tourn"]
[EventRounds "9"]
[EventCountry "AUT"]
[SourceTitle "EXT 2024"]
[Source "ChessBase"]
[SourceDate "2023.10.10"]
[SourceVersion "1"]
[SourceVersionDate "2023.10.10"]
[SourceQuality "1"]
[WhiteTeam "Dornbirn (W)"]
[BlackTeam "Mayrhofen/Zillertal (W)"]
[WhiteTeamCountry "AUT"]
[BlackTeamCountry "AUT"]

1. d4 Nf6 2. Bf4 g6 3. Nc3 d5 4. Qd2 Bg7 5. h4 h5 6. Nf3 Bf5 7. Ne5 Na6 8. f3 c6 9. e3 Nc7 10. 0-0-0 Ne6 11. Bg5 Nxg5 12. hxg5 Nh7 13. e4 dxe4 14. fxe4 Be6 15. Nf3 Bg4 16. Kb1 Qa5 17. Bc4 Rd8 18. Qf4 0-0 19. e5 e6 20. Ne4 Bxf3 21. gxf3 Qb4 22. Bb3 c5 23. dxc5 a5 24. a3 Qb5 25. Rxd8 Rxd8 26. Nd6 Qd7 27. Qe3 Qc6 28. Re1 Nf8 29. f4 Nd7 30. Ne4 Rc8 31. Nd6 Rd8 32. f5 Nxc5 33. fxe6 fxe6 34. Bc4 Kh7 35. Bb5 Qd5 36. Bc4 Qc6 37. Rf1 Rf8 38. Rxf8 Bxf8 39. Qf2 Bxd6 40. Qf7+ Kh8 41. exd6 Qxd6 42. Qxg6 Qd1+ 43. Ka2 Qd4 44. Qh6+ Kg8 45. Bxe6+ Nxe6 46. Qxe6+ Kg7 47. c3 Qg4 48. Qf6+ Kg8 49. g6 Qc4+ 50. Ka1 h4 51. g7 Kh7 52. Qf8 Qg8 53. Qf5+ Kxg7 54. Qg5+ Kf8 55. Qxh4 Qd5 56. Qd4 Qb5 57. a4 Qf1+ 58. Ka2 Qf7+ 59. Ka3 Qc7 60. Qh8+ Ke7 61. Qg7+ Kd6 62. Qxc7+ Kxc7 63. Kb3 Kb6 64. Kc4 Kc6 65. b3 Kb6 66. Kd5 Ka6 67. Kc5 b6+ 68. Kc6 Ka7 69. c4 1-0

[Event "AUT-chT (Women) 2223"]
[Site "Austria"]
[Date "2022.10.22"]
[Round "3.1"]
[White "Polterauer, Chiara"]
[Black "Gueci, Tea"]
[Result "1-0"]
[WhiteElo "2150"]
[BlackElo "2261"]
[PlyCount "105"]
[EventDate "2022.10.21"]
[EventType "team-tourn"]
[EventRounds "9"]
[EventCountry "AUT"]
[SourceTitle "EXT 2024"]
[Source "ChessBase"]
[SourceDate "2023.10.10"]
[SourceVersion "1"]
[SourceVersionDate "2023.10.10"]
[SourceQuality "1"]
[WhiteTeam "Mayrhofen/Zillertal (W)"]
[BlackTeam "Schach ohne Grenzen (W)"]
[WhiteTeamCountry "AUT"]
[BlackTeamCountry "AUT"]

1. e4 c5 2. Nf3 d6 3. d4 cxd4 4. Nxd4 Nf6 5. Nc3 a6 6. h3 e5 7. Nde2 h5 8. Bg5 Be6 9. Bxf6 Qxf6 10. Nd5 Qd8 11. Qd3 Nd7 12. Nec3 g6 13. 0-0-0 b5 14. Kb1 Nc5 15. Qe2 Bh6 16. h4 Rb8 17. a3 0-0 18. f3 Rb7 19. g4 a5 20. Nxb5 hxg4 21. Ndc3 gxf3 22. Qxf3 Rd7 23. Bh3 Kg7 24. h5 Rh8 25. Nd5 Bxh3 26. Rxh3 Ne6 27. Qg4 Qg5 28. Rg3 Qxg4 29. Rxg4 Bg5 30. hxg6 fxg6 31. Nb6 Rdd8 32. Rxd6 Rxd6 33. Nxd6 Rh1+ 34. Ka2 Rh2 35. c4 Bc1 36. Na4 g5 37. Rg1 Bd2 38. c5 Bf4 39. c6 Rc2 40. Nc3 Kf8 41. Kb1 Rh2 42. Nd5 Rh7 43. Nb5 Rg7 44. c7 Nxc7 45. Nbxc7 Kf7 46. Rg4 Rh7 47. Nxf4 gxf4 48. Rg5 Ke7 49. Nd5+ Kd6 50. Rf5 Rh3 51. Kc2 Kc5 52. Nxf4 Rh2+ 53. Kc3 1-0

[Event "AUT-chT (Women) 2223"]
[Site "Austria"]
[Date "2022.10.21"]
[Round "1.1"]
[White "Rozman, Monika"]
[Black "Polterauer, Chiara"]
[Result "1-0"]
[WhiteElo "2113"]
[BlackElo "2150"]
[PlyCount "81"]
[EventDate "2022.10.21"]
[EventType "team-tourn"]
[EventRounds "9"]
[EventCountry "AUT"]
[SourceTitle "EXT 2024"]
[Source "ChessBase"]
[SourceDate "2023.10.10"]
[SourceVersion "1"]
[SourceVersionDate "2023.10.10"]
[SourceQuality "1"]
[WhiteTeam "Feffernitz (W)"]
[BlackTeam "Mayrhofen/Zillertal (W)"]
[WhiteTeamCountry "AUT"]
[BlackTeamCountry "AUT"]

1. e4 e5 2. Nf3 Nc6 3. Bc4 Bc5 4. c3 Nf6 5. d3 d6 6. 0-0 a6 7. Bb3 Ba7 8. Be3 h6 9. Nbd2 0-0 10. Re1 Re8 11. Nf1 Be6 12. Ng3 d5 13. Bxa7 Rxa7 14. h3 Ra8 15. Qe2 d4 16. Bxe6 Rxe6 17. Nf5 Kh7 18. cxd4 Nxd4 19. N5xd4 exd4 20. Rac1 b6 21. b4 Rc8 22. Rc4 c5 23. Rec1 Nd7 24. Nxd4 Rg6 25. Nf3 Rb8 26. bxc5 bxc5 27. d4 cxd4 28. Rxd4 Qe8 29. e5 Nf8 30. Qc2 Kg8 31. Rd6 Qb5 32. Nd4 Qe8 33. Nc6 Ra8 34. Qb2 Kh7 35. Qb7 Ne6 36. Ne7 Rg5 37. Qe4+ Kh8 38. h4 Rh5 39. g4 Rxh4 40. Rxe6 fxe6 41. Ng6+ 1-0

[Event "Tirol Landesliga 2223"]
[Site "Austria"]
[Date "2022.10.01"]
[Round "1.2"]
[White "Polterauer, Chiara"]
[Black "Prediger, Rupert"]
[Result "1/2-1/2"]
[WhiteElo "2150"]
[BlackElo "2229"]
[PlyCount "75"]
[EventDate "2022.10.01"]
[EventType "team-tourn"]
[EventRounds "9"]
[EventCountry "AUT"]
[SourceTitle "EXT 2024"]
[Source "ChessBase"]
[SourceDate "2023.10.10"]
[SourceVersion "1"]
[SourceVersionDate "2023.10.10"]
[SourceQuality "1"]
[WhiteTeam "Hall/Mils"]
[BlackTeam "Kufstein/Woergl"]
[WhiteTeamCountry "AUT"]
[BlackTeamCountry "AUT"]

1. e4 c5 2. Nf3 d6 3. d4 cxd4 4. Nxd4 Nf6 5. Nc3 a6 6. h3 e5 7. Nde2 Be6 8. g4 d5 9. exd5 Nxd5 10. Bg2 Bb4 11. 0-0 Bxc3 12. Nxc3 Nxc3 13. bxc3 Nc6 14. Ba3 Qxd1 15. Rfxd1 Rd8 16. Bd6 Rc8 17. a4 Na5 18. Rab1 Nc4 19. Bxb7 Nxd6 20. Rxd6 Rxc3 21. Rxa6 Ke7 22. Be4 h5 23. g5 Rd8 24. Ra7+ Rd7 25. Rbb7 Rxb7 26. Bxb7 Kd6 27. a5 Rxc2 28. a6 Kc5 29. Ra8 Ra2 30. Re8 g6 31. Rd8 Kb6 32. Rd6+ Kb5 33. Rd1 Kb6 34. Rd6+ Ka7 35. Rd3 Ra5 36. Rc3 Kb6 37. Rc6+ Ka7 38. Rc3 1/2-1/2

[Event "EU-ch (Women) 22nd"]
[Site "Prague"]
[Date "2022.08.23"]
[Round "4"]
[White "Polterauer, Chiara"]
[Black "Dvorakova, Olga"]
[Result "0-1"]
[WhiteElo "2183"]
[BlackElo "1921"]
[PlyCount "120"]
[EventDate "2022.08.20"]
[EventType "swiss"]
[EventRounds "11"]
[EventCountry "CZE"]
[SourceTitle "CBM 209 Extra"]
[Source "ChessBase"]
[SourceDate "2022.09.30"]
[SourceVersion "1"]
[SourceVersionDate "2022.09.30"]
[SourceQuality "1"]

1. e4 e5 2. Nf3 Nf6 3. d4 Nxe4 4. Bd3 d5 5. Nxe5 Bd6 6. 0-0 0-0 7. c4 c6 8. Nc3 Nxc3 9. bxc3 Qh4 10. Re1 Nd7 11. cxd5 cxd5 12. Qf3 Nf6 13. h3 Be6 14. a4 Rac8 15. Ba3 Bxa3 16. Rxa3 Ne8 17. Qe3 Nd6 18. Rb3 Rc7 19. Nf3 Qf6 20. Qe5 Qxe5 21. dxe5 Ne4 22. Nd4 Nc5 23. Bc2 Nxb3 24. Bxb3 Rxc3 25. Rb1 Rfc8 26. Kf1 Rc1+ 27. Rxc1 Rxc1+ 28. Ke2 Kf8 29. f4 g6 30. g4 Rb1 31. Bc2 Ra1 32. f5 Bd7 33. Bb3 Bc6 34. h4 Rh1 35. Nf3 gxf5 36. gxf5 Rb1 37. Nd4 h6 38. f6 Bxa4 39. Bxa4 Rb4 40. e6 Rxa4 41. e7+ Ke8 42. Nf5 Re4+ 43. Kf3 Kd7 44. Nxh6 Rxh4 45. Nxf7 Re4 46. Nd8 b6 47. Nc6 Re6 48. Nxa7 Rxf6+ 49. Ke3 Kxe7 50. Kd4 Ke6 51. Nb5 Rf4+ 52. Ke3 Re4+ 53. Kd3 Rc4 54. Na3 Rc5 55. Nb1 b5 56. Nd2 b4 57. Kd4 Kd6 58. Kd3 Rc3+ 59. Kd4 Rh3 60. Nb1 Rh1 0-1

[Event "EU-ch (Women) 22nd"]
[Site "Prague"]
[Date "2022.08.21"]
[Round "2"]
[White "Polterauer, Chiara"]
[Black "Pribylova, Sofie"]
[Result "1-0"]
[WhiteElo "2183"]
[BlackElo "1981"]
[PlyCount "71"]
[EventDate "2022.08.20"]
[EventType "swiss"]
[EventRounds "11"]
[EventCountry "CZE"]
[SourceTitle "CBM 209 Extra"]
[Source "ChessBase"]
[SourceDate "2022.09.30"]
[SourceVersion "1"]
[SourceVersionDate "2022.09.30"]
[SourceQuality "1"]

1. e4 c5 2. Nf3 d6 3. d4 cxd4 4. Nxd4 Nf6 5. Nc3 a6 6. h3 e5 7. Nde2 h5 8. Bg5 Be6 9. Bxf6 Qxf6 10. Nd5 Qd8 11. Qd3 Nc6 12. Nec3 Rc8 13. 0-0-0 Nd4 14. Rd2 Qa5 15. Kb1 f5 16. f3 h4 17. a3 Kf7 18. Qe3 Rh5 19. Be2 Nxe2 20. Rxe2 f4 21. Qb6 Qxb6 22. Nxb6 Rc6 23. Ncd5 Be7 24. b3 Bd8 25. Nc4 b5 26. Nb2 Bb6 27. Nxb6 Rxb6 28. a4 Rh8 29. a5 Rb7 30. Rd2 Ke7 31. Rhd1 Rd8 32. Nd3 b4 33. Nxe5 Rc8 34. Rxd6 Rbc7 35. Ng6+ Kf7 36. Nxf4 1-0

[Event "Olympiad Women-44"]
[Site "Chennai"]
[Date "2022.07.29"]
[Round "1.2"]
[White "Polterauer, Chiara"]
[Black "James, Shemilah"]
[Result "1/2-1/2"]
[WhiteElo "2183"]
[BlackElo "1590"]
[PlyCount "131"]
[EventDate "2022.07.29"]
[EventType "team-swiss"]
[EventRounds "11"]
[EventCountry "IND"]
[SourceTitle "CBM 210"]
[Source "ChessBase"]
[SourceDate "2022.10.31"]
[SourceVersion "1"]
[SourceVersionDate "2022.10.31"]
[SourceQuality "1"]
[WhiteTeam "Austria (W)"]
[BlackTeam "Trinidad and Tobago (W)"]
[WhiteTeamCountry "AUT"]
[BlackTeamCountry "TRI"]

1. e4 e5 2. Nf3 Nc6 3. Bc4 Bc5 4. c3 Nf6 5. d3 0-0 6. Nbd2 d6 7. h3 a6 8. Bb3 Ba7 9. Nf1 h6 10. g4 d5 11. Qe2 dxe4 12. dxe4 Re8 13. Ng3 Be6 14. g5 hxg5 15. Bxg5 Bxb3 16. axb3 Qd6 17. Rg1 Kf8 18. Nf5 Qc5 19. Be3 Qb5 20. Bxa7 Qxe2+ 21. Kxe2 Rxa7 22. Nxg7 Rd8 23. Ke3 Raa8 24. Rg2 Rd7 25. Rag1 Rad8 26. Nf5 Rd1 27. Rxd1 Rxd1 28. Rg1 Rd7 29. Rg5 Rd1 30. Rg1 Rd7 31. Ng3 Rd6 32. Nd2 Nd7 33. h4 Rg6 34. Rh1 Nf6 35. Ke2 Ne7 36. Nc4 Nd7 37. Ne3 Nc5 38. h5 Rh6 39. Nef5 Rh7 40. Nxe7 Kxe7 41. h6 Nxb3 42. Nf5+ Kf6 43. Ke3 Nc5 44. Rd1 a5 45. f4 exf4+ 46. Kxf4 Ne6+ 47. Ke3 b6 48. Rg1 Ng5 49. Rd1 Ne6 50. Rf1 Ke5 51. Rh1 Kf6 52. Rh5 Ng5 53. Kf4 Ne6+ 54. Kg4 Nc5 55. Kf3 Ne6 56. b4 axb4 57. cxb4 c5 58. bxc5 bxc5 59. Kg4 Nd4 60. Ne3 Kg6 61. Rxc5 Rxh6 62. Rd5 Ne6 63. Rd6 Rh1 64. Ra6 Kf6 65. Kf3 Rh3+ 66. Kf2 1/2-1/2

[Event "Online Olym Div2 B"]
[Site "Chess.com INT"]
[Date "2021.09.04"]
[Round "7.3"]
[White "Vidruska, Renate"]
[Black "Polterauer, Chiara"]
[Result "1-0"]
[WhiteElo "2000"]
[BlackElo "2190"]
[PlyCount "125"]
[EventDate "2021.09.02"]
[EventType "team (rapid)"]
[EventRounds "9"]
[EventCountry "USA"]
[SourceTitle "CBM 204 Extra"]
[Source "ChessBase"]
[SourceDate "2021.11.30"]
[SourceVersion "1"]
[SourceVersionDate "2021.11.30"]
[SourceQuality "1"]
[WhiteTeam "Latvia"]
[BlackTeam "Austria"]
[WhiteTeamCountry "LAT"]
[BlackTeamCountry "AUT"]

1. e4 e5 2. Nf3 Nc6 3. Bc4 Bc5 4. c3 Nf6 5. d4 exd4 6. e5 d5 7. Bb5 Ne4 8. cxd4 Bb6 9. Nc3 Bg4 10. Be3 0-0 11. h3 Bh5 12. Qc2 Bg6 13. Qa4 Ne7 14. Nh4 a6 15. Be2 Nf5 16. Nxf5 Bxf5 17. Qb3 Be6 18. 0-0 c5 19. Qd1 Rc8 20. Na4 Ba7 21. Nxc5 Nxc5 22. dxc5 Bxc5 23. Bxc5 Rxc5 24. Qd4 Qc7 25. Bd3 g6 26. f4 Rc6 27. Kh1 Qb6 28. Qxb6 Rxb6 29. b3 Rc8 30. Rac1 Rbc6 31. Rcd1 f6 32. exf6 Bf7 33. f5 Rxf6 34. fxg6 Rxf1+ 35. Rxf1 hxg6 36. Rd1 Kg7 37. Kg1 Kf6 38. Rf1+ Ke7 39. Kf2 Kd6 40. Ke3 Ke6 41. Kd4 Rc7 42. Re1+ Kd6 43. Rf1 Ke6 44. Re1+ Kd6 45. Re3 Rc1 46. Rg3 Rd1 47. Kc3 Ke5 48. Bxg6 Be6 49. Bc2 d4+ 50. Kb2 Rd2 51. Kc1 Rf2 52. Rg5+ Kf4 53. Rg7 Ke3 54. Re7 Rf6 55. b4 d3 56. Bb3 d2+ 57. Kc2 Kf2 58. Rxe6 Rxe6 59. Bxe6 Ke1 60. Bg4 b6 61. a4 a5 62. bxa5 bxa5 63. h4 1-0